| 000 | 00909nam a22002297a 4500 | ||
|---|---|---|---|
| 999 |
_c13520 _d13520 |
||
| 003 | AR-CdUCM | ||
| 008 | 190415b ||||| |||| 00| 0 spa d | ||
| 040 |
_aMUNICIPALIDAD PROVINCIAL DEL CUSCO _cBIBLIOTECA MUNICIPAL DEL CUSCO |
||
| 082 |
_a348.3 / _bD68 |
||
| 100 |
_aDiaz Correa, Celso _931969 |
||
| 245 |
_aTintaya : _bel desarrollo minero del Cusco / |
||
| 260 |
_aCusco: _bBartolomé de las Casas, _c1984. |
||
| 300 |
_a87 páginas ; _bIlustraciones, _c21.5 cm. |
||
| 440 |
_aCuadernos para el debate regional ; _n19 _931970 |
||
| 505 | _aContenido: El proyecto Tintaya: un reto para el desarrollo regional -- Tintaya y el futuro de Espinar. | ||
| 650 |
_aDesarrollo minero _931971 |
||
| 650 |
_aCusco - Tintaya _931972 |
||
| 700 |
_aEchegaray Adrian, Carlos _931973 |
||
| 710 |
_aCentro de estudios rurales andinos "Bartolomé de las Casas" _91973 |
||
| 942 |
_2ddc _cLIBROS |
||
| 945 |
_aacv _d2019-04-15 |
||